AT&P Journal

Enregistré dans:
Détails bibliographiques
Format: Publication en série
Publié: 1994
Tags: Ajouter un tag
Pas de tags, Soyez le premier à ajouter un tag!

MARC

LEADER 00000nas a22000003a 4500
001 stu74134
005 20141121225634.9
008 020219s1994----------------------------d
040 |a STU  |b slo 
041 0
245 |a AT&P Journal 
260 |c 1994 
500 |a 4 
500 |a 1-4 
773 0 |t AT&P Journal  |w stu_us_cat*stu60756  |x 1335-2237  |7 nnas 
996 |d Roč. 1, 1994  |v Roč. 1  |y 1994  |l EE0103  |s A  |a 24  |w stu74134_0001